00717nam a22001817a 4500003000900000008004100009040007100050082002400121245005300145260003900198300003000237440003300267505013600300650002100436650001800457650001700475700004300492AR-CdUCM190402b ||||| |||| 00| 0 spa d aMUNICIPALIDAD PROVINCIAL DEL CUSCOcBIBLIOTECA MUNICIPAL DEL CUSCO a892.4 /bC13 / 1939 aBellezas del Talmud : bantología hebráica / aBuenos Aires :bM. Gleizer,c1939. a221 páginas ;c18.5 cm. aBiblioteca de temas judíos aContenido: El sol y la luna -- La revelación -- Lo sobrenatural -- Demonología -- Principios y ejemplos de virtud religiosa ... aVirtud religiosa aDemonología aSobrenatural aCansinos Assens, Rafael (traducción)